| 000 | 00868nam a2200229Ii 4500 | ||
|---|---|---|---|
| 003 | JO-AjNU | ||
| 008 | 230605s9999||||xx |||||||||||||| ||und|| | ||
| 017 | _a2018/7/3536 | ||
| 020 | _a978-9957-687-38-0 | ||
| 040 |
_aJO-AjNU _bara _erda _cJO-AjNU |
||
| 041 | _aara | ||
| 050 | 1 | 4 | _aHF5626.J863.2019 |
| 100 | 3 |
_aجمعة، احمد حلمي, _eauthor _961482 |
|
| 245 | 0 | 0 | _aخدمات التأكيد المعقول والمحدود وفق المعايير الدولية للمراجعة والتاكيد (المراجعة والفحص سابقا) |
| 250 | _aط1 | ||
| 264 | 3 | 1 | _aعمان: دار صفاء للنشر والتوزيع، 2019 |
| 300 | _a621ص | ||
| 336 |
_atext _btxt _2rdacontent |
||
| 337 |
_aunmediated _bn _2rdamedia |
||
| 338 |
_avolume _bnc _2rdacarrier |
||
| 650 | 4 |
_aالتدقيق الخارجي للحسابات-المحاسبة _961483 |
|
| 999 |
_aA27793 _c31361 _d31361 |
||